| 000 | 00493nam a2200169 a 4500 | ||
|---|---|---|---|
| 005 | 20140310183202.0 | ||
| 008 | 021220s19uu xx 00 eng d | ||
| 020 | _a9780006920496 | ||
| 050 |
_aPZ 7 _b.J882 1984 |
||
| 100 | _aJudd, Frances K. | ||
| 245 |
_aKay Tracey : _bthe green cameo mystery / _cFrances K. Judd. |
||
| 260 |
_aGreat Britain : _bWilliam Collins Sons & Co. Ltd., Glasgow, _c1984. |
||
| 300 |
_a157 p. : _c18 cm. |
||
| 650 | _aFiction | ||
| 942 |
_cBK _2lcc |
||
| 999 |
_c19884 _d19884 |
||